Development and welfare in the West Indies (Record no. 388912)

000 -LEADER
fixed length control field 00351cam a22001217a 4500
008 - FIXED-LENGTH DATA ELEMENTS--GENERAL INFORMATION
fixed length control field 180718b xxu||||| |||| 00| 0 eng d
082 ## - DEWEY DECIMAL CLASSIFICATION NUMBER
Classification number T19x729 D492
100 ## - MAIN ENTRY--PERSONAL NAME
Personal name Luke, Stephen
245 ## - TITLE STATEMENT
Title Development and welfare in the West Indies
Statement of responsibility, etc. by Stephen Luke
260 ## - PUBLICATION, DISTRIBUTION, ETC.
Place of publication, distribution, etc.
Name of publisher, distributor, etc. Colonial Office
Date of publication, distribution, etc.
500 ## - GENERAL NOTE
General note Library has 1954-1957
650 ## - SUBJECT ADDED ENTRY--TOPICAL TERM
Topical term or geographic name entry element Economic Development
Holdings
Withdrawn status Lost status Damaged status Not for loan Permanent Location Current Location Date acquired Full call number Barcode Date last seen Price effective from Koha item type
        Indian Institute of Public Administration Indian Institute of Public Administration 1999-04-01 T19x729 D492 14245 2018-07-21 2018-07-21 Book
        Indian Institute of Public Administration Indian Institute of Public Administration 1999-04-01 T19x729 D492 11082 2018-07-21 2018-07-21 Book
        Indian Institute of Public Administration Indian Institute of Public Administration 1999-04-01 T19x729 D492 8611 2018-07-21 2018-07-21 Book

Powered by Koha